Central Library OPAC University of Rajshahi

A Study of the interpretation of Noah and the flood in Jewish and Christian literature / (Record no. 32187)

MARC details
000 -LEADER
fixed length control field 00683nam a2200229 a 4500
001 - CONTROL NUMBER
control field 32187
003 - CONTROL NUMBER IDENTIFIER
rucl marc code BD-RjUL
005 - DATE AND TIME OF LATEST TRANSACTION
control field 20211209051811.0
008 - FIXED-LENGTH DATA ELEMENTS--GENERAL INFORMATION
fixed length control field 140424s1968 ne 000 0 eng d
035 ## - SYSTEM CONTROL NUMBER
System control number (BD-RjUL)32276
System control number 1731795
040 ## - CATALOGING SOURCE
Original cataloging agency NUN
Language of cataloging eng
Transcribing agency NUN
Modifying agency NUN
-- BD-RjUL
041 ## - LANGUAGE CODE
Language code of text/sound track or separate title eng
082 04 - DEWEY DECIMAL CLASSIFICATION NUMBER
Classification number 222.11
Author mark and year LES 1968
100 1# - MAIN ENTRY--PERSONAL NAME
Personal name Lewis, Jack P.
Fuller form of name (Jack Pearl),
Dates associated with a name 1919-
9 (RLIN) 97955
245 12 - TITLE STATEMENT
Title A Study of the interpretation of Noah and the flood in Jewish and Christian literature /
Statement of responsibility, etc. by Jack Lewis.
260 ## - PUBLICATION, DISTRIBUTION, ETC. (IMPRINT)
Place of publication, distribution, etc. Leiden :
Name of publisher, distributor, etc. Brill,
Date of publication, distribution, etc. 1968.
300 ## - PHYSICAL DESCRIPTION
Pagination x, 199 p. ;
Size 25 cm.
504 ## - BIBLIOGRAPHY, ETC. NOTE
Bibliography, etc Bibliography: p. [193]-199.
650 #0 - SUBJECT ADDED ENTRY--TOPICAL TERM
Topical term or geographic name as entry element Deluge.
9 (RLIN) 97956
942 ## - ADDED ENTRY ELEMENTS (KOHA)
Source of classification or shelving scheme Dewey Decimal Classification
Koha item type Books
Holdings
Lost status Source of classification or shelving scheme Damaged status Not for loan Collection code Permanent Location Current Location Shelving location Date acquired Source of acquisition Cost, normal purchase price Total Checkouts Full call number Date last seen Copy number Koha item type
  Dewey Decimal Classification   Not For Loan Non-fiction Central Library, University of Rajshahi Central Library, University of Rajshahi Reading Room 26/09/1970 Zitlinger 0.00   222.11 LES 1968 24/04/2014 C-1 Books